Chile azul: principales recursos pesqueros y de acuicultura

Saved in:
Bibliografiske detaljer
Format: Bog
Sprog:spansk
Udgivet: Valparaíso Subsecretaría de Pesca 2003
Valparaíso Prochile 2003
Valparaíso Sonapesca 2003
Fag:
Tags: Tilføj Tag
Ingen Tags, Vær først til at tagge denne postø!

MARC

LEADER 00000cam a2200000 a 4500
001 UCK0773
003 CL-VaPUC
008 041022e20030000cl |||||||||||||||||spa|d
082 0 4 |a 639.2  |b CHI  |2 21 
245 1 0 |a Chile azul: principales recursos pesqueros y de acuicultura 
300 |a 123 p 
942 |c BK 
945 |d 20041022 00:00:00  |a cmena 
260 |a Valparaíso  |b Subsecretaría de Pesca  |c 2003 
260 |a Valparaíso  |b Prochile  |c 2003 
260 |a Valparaíso  |b Sonapesca  |c 2003 
650 0 |a Industria pesquera  |9 255432 
650 0 |a Acuicultura  |9 258883 
650 0 |a Recursos marinos  |9 261196 
650 0 |a Distribución geográfica  |9 260005 
651 7 |a CHILE  |2 CL-VaPUC  |9 488650 
583 |a last modification  |c 20151218 06:51:21  |k Rodrigo Vera 
999 |c 311042  |d 311040 
952 |0 0  |1 0  |4 0  |6 639_200000000000000_CHI_2003_2003_2003  |7 0  |8 CCM  |9 380224  |a BIBCUR  |b BIBCUR  |d 2019-11-21  |i 4055667  |o 639.2 CHI 2003 2003 2003  |p 4055667  |r 2025-04-22  |w 2019-11-21  |y BK  |k CIM 
952 |0 0  |1 0  |3 erb  |4 0  |6 639_200000000000000_CHI_2003_2003_2003  |7 0  |8 CCM  |9 380225  |a BIBCUR  |b BIBCUR  |i 5257476  |o 639.2 CHI 2003 2003 2003  |p 5257476  |r 2025-04-22  |w 2019-11-21  |y BK  |z Catalogado en:20151218  |k CIM